Normal view
MARC view
- Chicago guides to writing, editing, and publishing
Entry Uniform Title
001 - CONTROL NUMBER
- control field: 7448
003 - CONTROL NUMBER IDENTIFIER
- control field: NUST
005 - DATE AND TIME OF LATEST TRANSACTION
- control field: 20171218124413.0
008 - FIXED-LENGTH DATA ELEMENTS
- fixed length control field: 171218|| aca||aabn | a|a d
040 ## - CATALOGING SOURCE
- Original cataloging agency: NUST
- Transcribing agency: NUST
130 ## - HEADING--UNIFORM TITLE
- Uniform title: Chicago guides to writing, editing, and publishing
670 ## - SOURCE DATA FOUND
- Source citation: Work cat.: (NUST)0: Turabian, Kate L. 7447, A manual for writers of term papers, theses, and dissertations /, 1996.
